000
00304nam a2200133Ia 4500
100
_a
Magrab/Edward B
942
_c
BK
654
_a
engineering
245
_a
Integrated Product and process design and development
260
_b
CRC
_a
NONE
_c
1997
300
_a
306
546
_a
ENGLISH
999
_c
21283
_d
21283